Holborn valley improvements (Record no. 114690)

MARC details
000 -LEADER
fixed length control field 00833cam a22001815a 4500
001 - CONTROL NUMBER
control field L157271
008 - FIXED-LENGTH DATA ELEMENTS--GENERAL INFORMATION
fixed length control field 121009s1872 xxk f 000 0 eng d
035 ## - SYSTEM CONTROL NUMBER
System control number (Sirsi) u157271
041 0# - LANGUAGE CODE
Language code of text/sound track or separate title eng
245 00 - TITLE STATEMENT
Title Holborn valley improvements
Remainder of title report [to] improvement committee of proceedings in connection with the Holborn valley improvements, under the several acts of parliament relating thereto, 18th November 1872
260 ## - PUBLICATION, DISTRIBUTION, ETC.
Place of publication, distribution, etc. [London]
Name of publisher, distributor, etc. [s.n.]
Date of publication, distribution, etc. 1872
300 ## - PHYSICAL DESCRIPTION
Extent 84 p.
Other physical details 10 folded plates (some col.)
Dimensions 33 cm.
520 ## - SUMMARY, ETC.
Summary, etc. Includes ink inscription on front fly-leaf: "Charles William Thompson, Guildhall, London 9.1.1872 from the Worshipful the Improvement Committee, George Shaw Esq., Chairman".
583 ## - ACTION NOTE
Action Condition reviewed
Time/date of action 20120620
Status condition level 3
651 #4 - SUBJECT ADDED ENTRY--GEOGRAPHIC NAME
Geographic name London
690 ## - LOCAL SUBJECT ADDED ENTRY--TOPICAL TERM (OCLC, RLIN)
Topical term or geographic name as entry element Infrastructure
9 (RLIN) 6246
942 ## - ADDED ENTRY ELEMENTS (KOHA)
Suppress in OPAC 0
Holdings
Withdrawn status Lost status Source of classification or shelving scheme Damaged status Not for loan Home library Current library Shelving location Date acquired Total Checkouts Full call number Barcode Date last seen Copy number Price effective from Koha item type
    Dewey Decimal Classification     Historic collection Historic collection Historic collection 09/10/2012   FOLIO 1872 HOLBORN 30077772 06/08/2019 1 06/08/2019 Book